[Event "5° ELPI Chess"]
[Site "?"]
[Date "2026.01.25"]
[Round "3"]
[White "Giampieri, Stefano"]
[Black "Medorini, Massimiliano"]
[Result "1-0"]
[WhiteElo "1983"]
[BlackElo "1888"]
[WhiteFideId "-1"]
[WhiteFideId "-1"]
[PlyCount "53"]
[GameId "2271411372556842"]

1. e4 e6 2. d4 d5 3. e5 c5 4. c3 Nc6 5. Nf3 Bd7 6. dxc5 Qc7 7. b4 Nge7 8. Bb5 Nxe5 9. Bf4 Bxb5 10. Nxe5 g5 11. Nxf7 Qxf4 12. Nd6+ Kd7 13. Nxb5 Nc6 14. O-O a6 15. g3 Qf6 16. Nd4 Nxd4 17. cxd4 Bg7 18. Qa4+ Ke7 19. Nd2 Qxd4 20. Nb3 Qg4 21. Rac1 h5 22. c6 bxc6 23. Rxc6 h4 24. Rc7+ Kf6 25. Qd7 Raf8 26. Qxg7+ Kf5 27. f3 1-0